01675cam a22004091i 450000100090000000300090000900500170001800800410003502000240007602000210010002000240012103500130014503500210015804000590017905000250023808200220026310000320028524500640031726401190038130000480050033600210054833700230056933800320059249000380062450000200066252002090068254100760089163000380096763000450100565000240105065000390107465000390111365000230115265000300117565000410120570000190124616299351EG-GICUC20260428131051.0100623s2009 caua jr 001 0 eng d a9781430224297qpbk. a1430224290qpbk. a9781430224303qebk. a16299351 a(OCoLC)318877604 aBTCTAcBTCTAdCDXdBWXdYDXCPdIXAdDLCdEG-GICUCerda00aQA76.575b.G526 200904a005.276221bG3451 aGhoda, Ashish.eمؤلف.10aAccelerated Silverlight 3 /cAshish Ghoda and Jeff Scanlon. aBerkeley, CA :bApress ;bNew York :bDistributed to the book trade worldwide by Springer-Verlag New York,cc2009. axxvi, 484 pages. :billustration. ;c24 cm. atext2rdacontent aComputer2rdamedia aonline recourse2rdacarrier0 aThe expert's voice in Silverlight aIncludes index. aLooks at the features and capabilities of Silverlight 3, covering such topics as creating user interfaces, network communications, working with data, animation, extending the user interface, and security. aوزارة الثقافة ؛bالقاهرة ؛cإهداء ؛d2023.00aSilverlight (Electronic resource)07aSilverlight (Electronic resource)2sears 0aMultimedia systems. 0aUser interfaces (Computer systems) 0aApplication softwarexDevelopment. 7aMultimedia.2sears 7aWeb sitesxDesign.2sears 7aApplication softwarexDesign.2sears1 aScanlon, Jeff.